STATISTICS FOR BUSINESS AND ECONOMICS (Record no. 10877)

MARC details
000 -LEADER
fixed length control field 00262nam a22001217a 4500
003 - CONTROL NUMBER IDENTIFIER
control field SGT
082 ## - DEWEY DECIMAL CLASSIFICATION NUMBER
Classification number 519.5, HOO
100 ## - MAIN ENTRY--PERSONAL NAME
Personal name HOODA,R.P.
245 ## - TITLE STATEMENT
Title STATISTICS FOR BUSINESS AND ECONOMICS
250 ## - EDITION STATEMENT
Edition statement 5th
260 ## - PUBLICATION, DISTRIBUTION, ETC. (IMPRINT)
Place of publication, distribution, etc NEW DELHI
Name of publisher, distributor, etc VIKAS
Year of Publication 2013
942 ## - ADDED ENTRY ELEMENTS (KOHA)
Source of classification or shelving scheme Dewey Decimal Classification
Koha item type CDs & DVDs
Holdings
Withdrawn status Lost status Source of classification or shelving scheme Damaged status Not for loan Collection code Home library Current library Shelving location Date acquired Vendor Name Cost, normal purchase price SGTU Bill Number Total Checkouts Full call number Accession No. (Barcode) Date last seen Bill Date Koha item type
    Dewey Decimal Classification     COMMERCE MANAGEMENT SGT Science & Social Sciences Library SGT Science & Social Sciences Library On Display 10/02/2017 KIRTI PRAKASHAN 695.00 SGTU 2365   519.5, HOO CMCD55 10/02/2017 16/03/2015 CDs & DVDs
    Dewey Decimal Classification     COMMERCE MANAGEMENT SGT Science & Social Sciences Library SGT Science & Social Sciences Library On Display 10/02/2017 KIRTI PRAKASHAN 695.00 SGTU 2365   519.5, HOO CMCD56 10/02/2017 16/03/2015 CDs & DVDs